LEADER 01098nam a2200205 i 4500 001 000000067390 003 CaOOAMICUS 005 20231109103244.0 008 130605s1756 fr u000 u fre u 013 $a38562 026 $as,ue esrd eser tali (3) 1763 (R) 040 $aSeMil$bita 100 1 $aPluche, Antoine,$d<1688-1761>.$0(OLS)http://semarc/name/89529 245 10$aTome huitième, contenant ce qui regarde l'homme en societe avec Dieu. Seconde partie. 300 $a[4], 388, [4] p., [1] carta di tav. :$bantip. 773 0 $aPluche, Antoine <1688-1761>$tSpectacle de la nature ou entretiens sur les particularites de l'histoire naturelle, qui ont paru les plus propres a rendre les Jeunes-Gens curieux, & a leur former l'escrit.$dA Paris : Chez la Veuve Estienne & Fils, ruë S. Jacques à la Vertu, 1748-1749.$g8$w()5821 850 $aSeMil 852 $aSeMil$W1$xVenegono$y1$m2O I 18 FA$j33543$B33543$CSeMilBibl$Z2$F33546 $8I 996 $6245$aTome huitième, contenant ce qui regarde l'homme en societe avec Dieu. Seconde partie$9(OLS)http://semarc/title/107400 LEADER 01490nam a2200265 4500 001 000000339811 003 CaOOAMICUS 005 20230302125425.0 008 200312s1768 fr a 000 u fre r 026 $as,si I.m. s.es plco (3) 1768 (R) 040 $aSeMil$bita 100 11$aMaupertuis, Pierre-Louis Moreau : de,$d<1698-1759>.$0(OLS)http://semarc/name/111135 245 00$aTome 1. 264 1$aA Lyon :$bChez Jean-Marie Bruyset, imprimeur-libraire, rue S. Dominique,$c1768. 300 $a[4], xxxvj, 309, [3] p., [1] carta di tav. :$britr. ;$c8° 500 $aSegn.: ?² a? e? i² A-T? V? 500 $aPrecede il front.: c. di tav. con ritratto calcogr, di Maupertuis disegnato da Robert Tournieres e inciso da J. Daulle 700 1 $aDaullé, Jean,$d<1703-1763>,$eincisore.$0(OLS)http://semarc/name/111136 700 1 $aTournières, Robert,$d<1668-1752>,$eincisore.$0(OLS)http://semarc/name/111137 773 0 $aMaupertuis, Pierre-Louis Moreau : de <1698-1759>$tOeuvres de Maupertuis. Tome 1. [-4.].$dA Lyon : Chez Jean-Marie Bruyset, imprimeur-libraire, rue S. Dominique, 1768.$bNouvelle édition corrigée & augmentée$g1$w()339809 850 $aSeMil 852 $aSeMil$W1$xVenegono$y1$m3XA II 26 FA$j219248$B230991$CSeMilBibl$Z2$F230991 $8I 996 $6245$aTome 1$9(OLS)http://semarc/title/1447 996 $6264$aA Lyon :$bChez Jean-Marie Bruyset, imprimeur-libraire, rue S. Dominique$9(OLS)http://semarc/publisher/58909